• 首页
  • 本馆介绍
  • 公告通知
  • 最新文献
  • 馆藏检索
  • 电子资源
  • 读者导购
  • 参考咨询
  • 我的图书馆
  • 登录
  • 详细信息显示
  • 放入我的书架
  • 预约/预借图书
  • 作者相关作品
  • 分类相关作品
  • 丛书相关作品
  • 出版社相关作品

书目信息

  • 表格格式
  • 工作单格式
  • 卡片格式
题名:
主要农作物有害生物检测技术与方法
    
 
作者: 李世访 主编
分册:  
出版信息: 北京   中国农业科学技术出版社  2014
页数: 107页
开本: 21cm
丛书名: 主要作物有害生物种类与发生危害特点研究项目成果丛书
单 册:
中图分类: S43 , S45
科图分类:
主题词: 作物--有害动物--生物检测 , 作物--有害植物--生物检测 , 作物 , 有害动物 , 生物检测 , 有害植物
电子资源:
ISBN: 978-7-5116-1495-7
000 01123nam0 2200337 450
001 007140821
005 20151130093758.00
010    @a978-7-5116-1495-7@dCNY25.00
100    @a20140429d2014 em y0chiy50 ea
101 0  @achi
102    @aCN@b110000
105    @aa z 000yy
106    @ar
200 1  @a主要农作物有害生物检测技术与方法@Azhu yao nong zuo wu you hai sheng wu jian ce ji shu yu fang fa@f李世访主编
210    @a北京@c中国农业科学技术出版社@d2014
215    @a107页@c图@d21cm
225 1  @a主要作物有害生物种类与发生危害特点研究项目成果丛书
300    @a公益性行业(农业)科研专项
330    @a本书收集了水稻、小麦、大豆、花生、马铃薯、苹果等11种主要农作物的主要病虫害的血清学以及分子生物学检测方法。
461  0 @12001 @a主要作物有害生物种类与发生危害特点研究项目成果丛书
606 0  @a作物@x有害动物@x生物检测
606 0  @a作物@x有害植物@x生物检测
606 0  @a作物
606 0  @a有害动物
606 0  @a生物检测
606 0  @a有害植物
690    @aS43@v5
690    @aS45@v5
701  0 @a李世访@Ali shi fang@4主编
801  0 @aCN@b碧洲教育@c20151127
905    @a10447@f4@dS43@e109
    
    主要农作物有害生物检测技术与方法/李世访主编.-北京:中国农业科学技术出版社,2014
    107页:图;21cm.-(主要作物有害生物种类与发生危害特点研究项目成果丛书)
    公益性行业(农业)科研专项
    
    ISBN 978-7-5116-1495-7:CNY25.00
    本书收集了水稻、小麦、大豆、花生、马铃薯、苹果等11种主要农作物的主要病虫害的血清学以及分子生物学检测方法。
●
相关链接 在E读中查询图书 在五车中查询图书 在当当中查询图书 在豆瓣中查询图书


正题名:主要农作物有害生物检测技术与方法     索取号:S43/109         预约/预借

序号 登录号 条形码 馆藏地/架位号 状态 备注
1 0871802   208718020   第二样本阅览室/ [索取号:S43/109] 在馆    
2 0871803   208718039   密集书库-生命科学系/ [索取号:S43/109] 在馆    
3 0871804   208718048   第三借阅区/ [索取号:S43/109] 在馆    
4 0871805   208718057   第三借阅区/ [索取号:S43/109] 在馆    
唐山师范学院图书馆 欢迎您!
大连网信软件有限公司© 版权所有